000
00265nam a2200109Ia 4500
008
190216s9999||||xx |||||||||||||| ||und||
100
_a
Chakravorty
245
0
_a
Outline Of Political Science
260
_b
The World Press Pvt Ltd
650
_a
Politics
942
_c
BK
999
_c
34786
_d
34786